000 02036nam a2200541 i 4500
001 45470
003 KOSZ 005
005 20220505103745.0
008 220505s1999 pl f f 001 0 pol
015 _aPB 2000/83
020 _a8320812348
035 _a991012327529705066
035 _a(PL-WaBN)b13337051-48omnis_nlop
035 _ab13337051
035 _a(OCoLC)830240999
035 _a(PL)b0000001333705
035 _a(EXLNZ-48OMNIS_NETWORK)9910488624405606
040 _aWA N
_cWA N
_dKOSZ 005/HR
_dKOSZ 005/RW
041 1 _apol
_hfre
046 _k1997
080 _a336.1
080 _a(075.8)
100 1 _aGaudemet, Paul Marie
_d(1914-1998)
_eAutor
245 1 0 _aFinanse publiczne /
_cPaul Marie Gaudemet, Joël Molinier ; redakcja naukowa przekładu Ewa Bogacka-Kisiel ; przekład Wiktor Kisiel.
246 1 _iTytuł oryginału:
_aFinances publiques,
_f1997
260 _aWarszawa :
_bPolskie Wydawnictwo Ekonomiczne,
_c2000.
300 _a627 stron ;
_c24 cm.
336 _aTekst
_btxt
_2rtdacontent
337 _aBez urządzenia pośredniczącego
_bn
_2rdamedia
338 _aWolumin
_bnc
_2rdacarrier
380 _aKsiążki
380 _aPublikacje dydaktyczne
385 _mPoziom nauczania
_aSzkoły wyższe
388 7 _a1901-2000
388 7 _a1989-2000
504 _aIndeks.
521 8 _aKsiążka jest przeznaczona dla studentów ekonomii, finansów, bankowości, prawa i administracji, słuchaczy podyplomowych studiów na kierunkach ekonomicznych.
650 7 _aFinanse publiczne
_2DBN
655 7 _aPodręczniki akademickie
_2DBN
658 _aGospodarka, ekonomia, finanse
700 1 _aMolinier, Joël
_eAutor
700 1 _aBogacka-Kisiel, Ewa
_d(1946- )
_eTłumaczenie
700 1 _aKisiel, Wiktor
_eTłumaczenie
710 2 _aPolskie Wydawnictwo Ekonomiczne
_4pbl
856 _uhttp://koha.tu.koszalin.pl/cgi-bin/koha/opac-detail.pl?biblionumber=45470
_yKatalog online BPK
942 _2UKD
_cKS
999 _c45470
_d45470